书目信息 |
| 题名: |
希腊神话故事
|
|
| 作者: | 海德 编 ;李芷轩 译 | |
| 分册: | ||
| 出版信息: | 北京 中国对外翻译出版有限公司 2012.07 |
|
| 页数: | 161页 | |
| 开本: | 23cm | |
| 丛书名: | 双语名著无障碍阅读丛书 | |
| 单 册: | ||
| 中图分类: | H319.4:I | |
| 科图分类: | ||
| 主题词: | 神话--shen hua--作品集--古希腊--英语--汉语--对照读物 | |
| 电子资源: | ||
| ISBN: | 978-7-5001-3456-5 | |
| 000 | 01034nam 2200289 450 | |
| 001 | CAL 010040100408 | |
| 005 | 20150811154823.68 | |
| 010 | @a978-7-5001-3456-5@dCNY15.00 | |
| 100 | @a20121207d2012 em y0chiy50 ea | |
| 101 | 1 | @achi@aeng@ceng |
| 102 | @aCN@b110000 | |
| 105 | @ay z 000fy | |
| 106 | @ar | |
| 200 | 1 | @a希腊神话故事@Axi la shen hua gu shi@d= Greek myths@f海德等编@g李芷轩译@zeng |
| 210 | @a北京@c中国对外翻译出版有限公司@d2012.07 | |
| 215 | @a161页@d23cm | |
| 225 | 2 | @a双语名著无障碍阅读丛书@Ashuang yu ming zhu wu zhang ai yue du cong shu@h第二级 |
| 330 | @a本书收录了《普罗米修斯》、《世间灾难的缘由》、《阿波罗与狄安娜》、《阿拉克尼》、《赫拉克勒斯》等作品。 | |
| 410 | 0 | @12001 @a双语名著无障碍阅读丛书@h第二级 |
| 510 | 1 | @aGreek myths@zeng |
| 586 | @a | |
| 606 | 0 | @a神话@Ashen hua@x作品集@x古希腊@x英语@x汉语@j对照读物 |
| 690 | @aH319.4:I@v5 | |
| 701 | 0 | @a海德@Ahai de@4编 |
| 702 | 0 | @a李芷轩@Ali zhi xuan@4译 |
| 801 | 0 | @aCN@c20150820 |
| 905 | @a河南城建学院图书馆@dH319.4:I@eH026@f3 | |
| 希腊神话故事= Greek myths/海德等编/李芷轩译.-北京:中国对外翻译出版有限公司,2012.07 |
| 161页;23cm.-(双语名著无障碍阅读丛书.第二级) |
| ISBN 978-7-5001-3456-5:CNY15.00 |
| 本书收录了《普罗米修斯》、《世间灾难的缘由》、《阿波罗与狄安娜》、《阿拉克尼》、《赫拉克勒斯》等作品。 |
| ● |
| 相关链接 |
|
|
|
正题名:希腊神话故事
索取号:H319.4:I/H026
 
预约/预借
| 序号 | 登录号 | 条形码 | 馆藏地/架位号 | 状态 | 备注 |
| 1 | 1163344 | 211633446 | 语言库209/209语言库 53排3列4层/ [索取号:H319.4:I/H026] | 在馆 | |
| 2 | 1163345 | 211633455 | 语言库209/209语言库 53排3列4层/ [索取号:H319.4:I/H026] | 在馆 | |
| 3 | 1163346 | 211633464 | 语言库209/209语言库 53排3列4层/ [索取号:H319.4:I/H026] | 在馆 |